000
00177 a2200097 4500
020
_a
9788131957455
041
_a
spa
100
_a
God, Almighty
245
_a
Moises
942
_c
BK
999
_c
27475
_d
27475